000 00701nam a2200253Ia 4500
003 OSt
005 20221005030028.0
006 a|||||r|||| 00| 0
007 ta
008 221004b |||||||| |||| 00| 0 eng d
024 _a28482
037 _cTextual
040 _aCRL
_cCRL
_beng
041 _2eng
_aeng
082 _aF.1(Q7), M6
100 _aAl-Hassan Ahmad Y
_9582330
245 0 _aIslamic technology
_b An illustrated history
260 _aCambridge
_bCambridge University
_c1986
300 _a304p
_ccm.
650 _aTECHNOLOGY
700 _a Hill Donald R
_948477
942 _hF.1(Q7), M6
_cTEXL
_2cc
999 _c935553
_d935553